| 000 | 01248cam a2200133 4500500 | ||
|---|---|---|---|
| 005 | 20251214011634.0 | ||
| 041 | _afre | ||
| 042 | _adc | ||
| 100 | 1 | 0 |
_aDenis, Sébastien _eauthor |
| 245 | 0 | 0 | _aLe cinéma d'animation : Techniques, esthétiques, imaginaires |
| 260 |
_bArmand Colin,
_c2017. |
||
| 520 | _aCet ouvrage fait le point sur les techniques, les thématiques et les différents champs couverts depuis plus d’un siècle par le cinéma d’animation (anime japonaise, films en « 3D », films d’auteur à fort investissement esthétique…). Il s’efforce d’unifier des points de vue divergents afin de rendre clair l’extraordinaire potentiel de l’animation. Un potentiel à la fois narratif, plastique et philosophique, puisque l’imaginaire des cinéastes ne connaît pour ainsi dire aucune frontière ; un potentiel économique également, au risque de la standardisation et de la banalisation de l’imaginaire animé. D’Émile Cohl à Hayao Miyazaki en passant par Norman McLaren et Walt Disney, ce sont autant d’univers différents qui s’ouvrent au spectateur et à l’historien du cinéma. | ||
| 856 | 4 | 1 | _uhttps://shs.cairn.info/le-cinema-d-animation--9782200616151?lang=fr&redirect-ssocas=7080 |
| 999 |
_c1569760 _d1569760 |
||